A kastélyturizmus versenyképességének elemzése a Hercegasszony Birtok esettanulmánya mentén

Bibliographic Details
Main Author: Bauerné Pál Zsófia Mária
Other Authors: Nagy Dr. Adrienne
Format: Thesis
Kulcsszavak:turisztikai versenyképesség
kastélyturizmus
versenyképességi vizsgálat
Online Access:http://dolgozattar.uni-bge.hu/18285

MARC

LEADER 00000nta a2200000 i 4500
001 dolg18285
005 20190130145620.0
008 181129suuuu hu om 000 hun d
040 |a BGE Dolgozattár Repozitórium  |b hun 
041 |a hu 
100 1 |a Bauerné Pál Zsófia Mária 
245 1 2 |a A kastélyturizmus versenyképességének elemzése a Hercegasszony Birtok esettanulmánya mentén  |c Bauerné Pál Zsófia Mária  |h [elektronikus dokumentum] 
695 |a turisztikai versenyképesség 
695 |a kastélyturizmus 
695 |a versenyképességi vizsgálat 
700 1 |a Nagy Dr. Adrienne  |e ths 
856 4 0 |u http://dolgozattar.uni-bge.hu/18285/1/Bauern%C3%A9%20P%C3%A1l%20Zs%C3%B3fia%20M%C3%A1ria_RDLMM8_TVtur.pdf  |z Dokumentum-elérés